[Event "SVK Amateur-ch 2020"]
[Site "Topolcany"]
[Date "2020.07.10"]
[Round "1.21"]
[White "Skreno, Vladimir"]
[Black "Mesaros, Jan"]
[Result "1-0"]
[WhiteElo "2126"]
[BlackElo "1782"]
[Annotator "TA"]
[PlyCount "92"]
[EventDate "2020.07.10"]
[EventType "swiss"]
[EventCountry "SVK"]
[SourceTitle "playchess.com"]
[Source "ChessBase"]
[SourceQuality "1"]

{[%evp 23,92,20,25,0,0,8,8,0,25,23,24,6,6,6,20,3,24,12,89,93,82,91,83,83,76,89,125,128,120,127,127,139,169,94,269,247,310,291,331,257,343,356,344,350,316,329,530,522,907,571,917,925,1086,742,1028,719,1612,1608,1533,1451,29987,845,1605,1497,1604,1567,2040,1905,29977,5919,29988]} 1. d4 Nf6 2. Nf3 g6 3. c4 Bg7 4. Nc3 d6 5. e4 O-O 6. Be2 e5 7. O-O Nc6 8. d5 Ne7 9. Ne1 Nd7 10. f3 f5 11. g4 Nf6 12. Nd3 c6 13. Kg2 {E99: King's Indian: Classical Main Line: 9 Ne1 Nd7 10 f3 f5.} cxd5 14. cxd5 Bd7 15. Be3 {[#] The position is equal.} a6 $146 ({Predecessor:} 15... Rf7 16. h3 Bf8 17. Rc1 a6 18. a4 b5 19. axb5 axb5 20. Nb4 Qa5 21. Qb3 f4 {0-1 (58) Essing,A (2253)-Perez,J (2203) playchess.com INT 2004}) 16. a4 Rc8 17. Nf2 f4 18. Bd2 g5 19. a5 Ng6 20. Na4 Bb5 (20... Be8 $11 {remains equal.}) 21. Bxb5 $1 $16 axb5 22. Nb6 Rc7 23. Bb4 h5 24. gxh5 Nh4+ 25. Kh1 $1 Nxh5 {Threatening ...Ng3+.} 26. Rg1 Bf6 27. Ng4 Rh7 28. Be1 ({White should try} 28. Rc1 $18) 28... Ng6 $2 {A mistake that costs the game.} (28... Ng3+ $16 {might work better.} 29. Bxg3 fxg3) 29. Rc1 $18 Qe7 30. Rg2 Kh8 31. Kg1 Ng7 32. Qb3 Nh4 33. Rgc2 Ne8 34. Bxh4 Rxh4 $2 (34... gxh4 {was necessary.} 35. Qxb5 Rg7) 35. Qxb5 Qf7 36. Qd7 Qg6 37. Rc8 Rh7 38. Qb5 Qh5 39. R1c2 Bg7 40. Nd7 Rg8 41. Qxb7 Qh3 {[#]} 42. Qb3 (42. Rxe8 $142 $1 Rxe8 43. Rc8 Rg8 {[#]} 44. Qb8 $1 {[%mdl 512]} Rh6 45. Nxh6 Qxd7 46. Rxg8+ Kh7 47. Nf5 {[%mdl 64] Double Attack}) 42... Rh4 43. Rg2 Rh7 44. a6 {[%cal Ba5a6,Ba6a7][%mdl 32]} Qh4 45. Qc3 Qh3 46. a7 Bf6 {Accuracy: White = 69%, Black = 26%.} 1-0

[Event "SVK Amateur-ch 2020"]
[Site "Topolcany"]
[Date "2020.07.10"]
[Round "1.22"]
[White "Pietrzak, Tomasz"]
[Black "Bochnicka, Vladimir"]
[Result "0-1"]
[WhiteElo "1896"]
[BlackElo "2123"]
[Annotator "TA"]
[PlyCount "90"]
[EventDate "2020.07.10"]
[EventType "swiss"]
[EventCountry "SVK"]
[SourceTitle "playchess.com"]
[Source "ChessBase"]
[SourceQuality "1"]

{[%evp 13,90,48,77,21,43,31,45,48,129,133,137,52,101,100,105,92,114,112,139,53,71,31,34,15,46,45,33,0,0,0,44,31,44,25,40,-25,-28,-74,-68,-104,-102,-102,-104,-100,-100,-164,-165,-299,-289,-282,-289,-334,-320,-284,-147,-214,-111,-132,-127,-210,-237,-513,-227,-504,-249,-1031,-1005,-1057,-1011,-1602,-1447,-29974,-29972,-29988,-29989,-29989,-29990,-29990,-29991]} 1. d4 Nf6 2. c4 g6 3. Nc3 Bg7 4. e4 d6 5. Be2 O-O 6. Be3 e5 7. d5 a5 8. f3 {E73: King's Indian: Averbakh Variation without 6...c5.} (8. h4 $16) 8... Na6 9. Qd2 Bd7 10. g4 {[#] White is slightly better.} Ne8 $146 (10... h5 $14) ({Predecessor:} 10... Nc5 11. h4 c6 12. Nh3 cxd5 13. cxd5 Rb8 14. Nf2 b5 15. Rc1 Qe7 16. h5 Rfc8 {1-0 (37) Gullaksen,E (2349)-Pollack,O (2150) London 2018}) 11. h4 $16 Bf6 12. g5 (12. O-O-O $16) 12... Be7 13. O-O-O Ng7 14. f4 exf4 15. Bxf4 Nc5 16. Rf1 (16. Be3 $16) 16... f5 17. e5 dxe5 $1 18. Bxe5 Bd6 19. Bxg7 Kxg7 20. Nf3 Kg8 21. h5 {Threatens to win with hxg6.} Be8 22. hxg6 Bxg6 23. Nh4 Qe7 24. Nxg6 ({Better is} 24. Bd1 $14) 24... hxg6 $11 25. Rh6 Kg7 $1 ({Much weaker is} 25... Qg7 $6 26. Kb1 $11) 26. Rfh1 {And now Rh7+ would win.} Rh8 $1 27. Rxh8 Rxh8 28. Rxh8 Kxh8 29. Qd4+ (29. Kd1 $17) 29... Kg8 $19 30. Qh4 (30. Qd2 {was worth a try.}) 30... Qe3+ 31. Kb1 Bf4 {[%csl Gf4][%cal Re3c1]} 32. a3 Bxg5 33. Qh2 f4 $40 {[%mdl 128] White is in trouble.} ({Black should play} 33... Nd3 $19 34. Bxd3 Qxd3+ {[%mdl 64] Double Attack} 35. Qc2 Qxc4) 34. Qg2 {[#]} (34. d6 $17 {might work better.} cxd6 35. Qg2) 34... Qe5 (34... Nd3 $1 $19 {( -> ...Qc1+)} 35. Ka2 {[#]} Qd2 $1 {[%mdl 512]}) 35. Ka2 Kg7 36. Bf3 (36. Bd1 $17 {is a better defense.}) 36... Bf6 37. Qh1 $2 (37. Qd2) 37... Nd3 (37... Qe3 $142 38. Qg2 Bxc3 39. bxc3 Na4) 38. Qg1 $2 (38. Qh3) 38... Qe3 (38... Qe1 $142 39. Qxe1 Nxe1) 39. Qg4 $2 (39. Qxe3 fxe3 40. Kb3) 39... Ne5 {[%mdl 64] Double Attack} 40. Qc8 Qxf3 41. Qxc7+ Nf7 42. Qxa5 Bxc3 {Black mates.} 43. bxc3 Qe2+ {[%mdl 64] Double Attack} 44. Kb3 f3 45. Qc7 f2 {Accuracy: White = 32%, Black = 61%.} 0-1

[Event "SVK Amateur-ch 2020"]
[Site "Topolcany"]
[Date "2020.07.10"]
[Round "1.23"]
[White "Sarkozi, Szabolcs"]
[Black "Panda, Gyorgy"]
[Result "1/2-1/2"]
[WhiteElo "2123"]
[BlackElo "1773"]
[Annotator "TA"]
[PlyCount "122"]
[EventDate "2020.07.10"]
[EventType "swiss"]
[EventCountry "SVK"]
[SourceTitle "playchess.com"]
[Source "ChessBase"]
[SourceQuality "1"]

{[%evp 10,122,-4,-8,30,-17,12,0,0,0,4,0,16,-6,-4,-2,-8,-18,0,-27,-22,-19,-26,-23,0,-12,-13,-12,2,-84,-43,-94,-27,-64,-61,-94,-82,-125,-109,-100,-72,-116,-124,-175,-169,-137,-135,-177,-192,-165,-156,-187,-186,-162,-74,-82,-20,-97,-46,-114,-60,-68,0,-27,-6,-37,-19,-20,-25,-41,-35,-119,16,-31,57,66,60,0,0,0,25,9,74,20,22,0,2,-46,-34,-156,-70,-203,39,-8,-8,-81,-80,-166,-183,-140,-8,-243,-237,-190,0,0,0,0,0,-74,0,0,0,-8,0]} 1. d4 Nf6 2. Bf4 d5 3. e3 e6 4. Nd2 c5 5. c3 Nc6 6. Bd3 Qb6 {D00: 1 d4 d5: Unusual lines.} 7. Qc2 Bd7 8. Ngf3 Rc8 9. dxc5 Bxc5 10. O-O {[#]} h6 $146 ({Predecessor:} 10... Nh5 11. a3 Nxf4 12. exf4 Bd6 13. g3 h5 14. h4 a5 15. Rfe1 Kf8 {½-½ (77) Mons,L (2554)-Ammon,T (2165) Tegernsee 2018}) 11. Ne5 O-O 12. Ndf3 Rfd8 13. Qe2 Nh5 14. Nh4 Nxf4 15. exf4 Nxe5 16. fxe5 Bc6 17. Rad1 d4 18. c4 $1 Qc7 19. Bc2 (19. f4 $11) 19... a6 20. Rfe1 (20. Nf3 $15) 20... Qe7 (20... Bb4 $17 21. Rf1 b5 22. cxb5 Bxb5) 21. g3 b5 $36 {[%mdl 2048] Black has some pressure.} 22. Qd3 {White threatens Qh7+ and mate.} g6 23. b3 bxc4 24. bxc4 Qg5 25. Ng2 Qg4 26. Nf4 (26. Rc1 $17 {might work better.}) 26... Bb4 $19 27. Rf1 Qf3 {( -> ...Qh1#)} 28. Qxf3 Bxf3 29. Rb1 a5 ({But not} 29... Rxc4 30. Bd3 $17) 30. Bd3 Rc5 31. Rb3 Bc3 ({Don't play} 31... Rxe5 32. Bxg6 Be2 33. Nxe2 $17) (31... g5 $19 {has better winning chances.} 32. a3 Bd2) 32. Rb5 $17 Rdc8 (32... Rxb5 $17 33. cxb5 a4) 33. Rfb1 (33. Ne2 $11) 33... Bb4 (33... g5 $17 34. Ne2 Rxc4 35. Bxc4 Rxc4 36. Nxc3 dxc3) 34. Ne2 (34. Kf1 $15) 34... Rxb5 (34... Rxc4 $17 {...Bxe2 is the strong threat.} 35. Bxc4 Rxc4) 35. cxb5 $15 Rd8 (35... Bc5 $1 $15) 36. Nc1 Kf8 37. Kf1 Ke7 38. Nb3 a4 39. Nc1 Bc3 40. Ne2 (40. a3 $15) 40... Bb7 (40... a3 $17 41. Rc1 Bb2) 41. a3 f6 (41... Ba5 $15) 42. Nxc3 dxc3 43. Bxg6 (43. exf6+ $1 $14 Kxf6 44. Ke2) 43... fxe5 $14 {[%mdl 4096] Endgame KRB-KRB} 44. Rc1 Rc8 (44... Bf3 {feels hotter.} 45. Bc2 Rd2 46. b6 Kd6 47. Bxa4 Rb2) 45. Bc2 Rc4 (45... Bd5 $11 {keeps the balance.}) 46. Bd3 (46. Ke2 $16) 46... Rc5 $11 47. Ke1 e4 48. Bf1 Kd6 49. Kd1 {[#]} (49. g4 $15) 49... Ke5 ({Black should play} 49... Bd5 $1 $17 50. Ke1 Bb3) 50. Kc2 (50. Ke1 $1 $15) 50... e3 $2 (50... Bd5 $19 {White must now prevent ...Bb3+.} 51. Re1 Bb3+ 52. Kb1 Rd5 53. f4+ Kd4) 51. fxe3 Be4+ 52. Bd3 (52. Kd1 $11) 52... Rxb5 $1 $17 {Threatens to win with ...Rb2+.} 53. Bxe4 (53. Rd1 $17) 53... Kxe4 {KR-KR} 54. Rf1 {[#]} Kxe3 (54... e5 $1 $17 {Threatening ...h5.} 55. Rf6 h5) 55. Rf4 $2 (55. Kxc3 $11 {and White stays safe.} e5 56. Kc4) 55... Rb2+ $19 56. Kxc3 Rxh2 $2 ({Black should try} 56... Rb3+ $19 57. Kc4 Rxa3) 57. Rxa4 $11 Kf3 58. Ra6 e5 59. Rg6 (59. Re6 $11) 59... e4 ({Better is} 59... h5 $17) 60. Rf6+ Kxg3 61. Kd4 Rh4 {Accuracy: White = 37%, Black = 49%.} 1/2-1/2

[Event "SVK Amateur-ch 2020"]
[Site "Topolcany"]
[Date "2020.07.10"]
[Round "1.24"]
[White "Kukan, Michal"]
[Black "Joba, Arpad"]
[Result "0-1"]
[WhiteElo "1769"]
[BlackElo "2122"]
[Annotator "TA"]
[PlyCount "72"]
[EventDate "2020.07.10"]
[EventType "swiss"]
[EventCountry "SVK"]
[SourceTitle "playchess.com"]
[Source "ChessBase"]
[SourceQuality "1"]

{[%evp 17,71,43,60,55,72,39,57,14,29,11,23,0,12,-157,-115,-220,-140,-148,-87,-91,-77,-82,-66,-102,-21,-94,-103,-147,-143,-300,-239,-241,-241,-240,-247,-235,-244,-243,-240,-287,-300,-430,-405,-602,-206,-215,-154,-165,-181,-302,-227,-996,-957,-770,-750,-29999]} 1. c4 Nf6 2. Nc3 g6 3. g3 Bg7 4. Bg2 O-O 5. d4 d6 6. e4 Nc6 7. Nge2 e5 8. d5 Ne7 9. O-O Nh5 10. f4 {E72: King's Indian: 4 e4 d6 5 g3.} Bg4 11. Qd3 f5 {[#]} 12. h3 $146 {White is slightly better.} ({Predecessor:} 12. Bd2 fxe4 13. Bxe4 Qd7 14. a3 Rae8 15. Bf3 exf4 16. Nxf4 Nxf4 17. Bxf4 Bh3 18. Rfe1 {0-1 (28) Ivanov,I-Mitrev,E (2220) Kozloduy 2008}) 12... fxe4 13. Nxe4 Bxe2 $1 14. Qxe2 Nf5 15. Qg4 $2 (15. Qd3 $1 $11) 15... exf4 16. gxf4 (16. Bxf4 $17 {was forced.} Bxb2 17. Bg5) 16... Bd4+ 17. Kh2 Nf6 ({Black should try} 17... c5 18. Ng5 Qa5) 18. Qd1 $17 Nxe4 19. Bxe4 Bg7 20. Bd2 Qh4 (20... Bxb2 $17 21. Rb1 Bd4) 21. Be1 (21. Qg4 $11 Qf6 22. Bxf5 Qxf5 23. Qxf5 Rxf5 24. Rae1) 21... Qe7 22. Qd3 Rae8 $36 {[%mdl 2048] Black is in control.} (22... Bxb2 23. Rb1 $17) 23. Bf3 $2 {This move loses the game for White.} (23. Bxf5 $17 Rxf5 24. Rb1) 23... Qe3 (23... Bxb2 24. Rb1 $19) 24. Qd2 Bh6 25. Bg4 Re4 26. Bxf5 {[#]} Qxd2+ $1 ({Less strong is} 26... gxf5 27. Qxe3 Rxe3 28. Ba5 $15) ({Avoid the trap} 26... Bxf4+ $2 {[#]} 27. Rxf4 $1 {[%mdl 512]} Qxf4+ 28. Qxf4 $18) 27. Bxd2 Rxf5 28. Rae1 Rxc4 {Hoping for ...Rc2.} 29. Re8+ (29. Rc1 $142 Rd4 30. Rc2) 29... Kf7 $19 30. Rfe1 (30. Rh8 $142 Kg7 31. Re8) 30... Bf8 $2 (30... Rc2 31. R8e7+ Kg8) 31. Bc3 Rcxf4 32. Rc8 Rc4 ({Much less strong is} 32... Rxd5 33. Rxc7+ Kg8 34. Rxb7 $15) 33. Re6 (33. Rd8 {was worth a try.}) 33... Bg7 34. Be1 $2 (34. Rxd6 cxd6 35. Rxc4 Bxc3 36. bxc3) 34... Rc2+ 35. Kg3 Be5+ 36. Kh4 Rc4# {Accuracy: White = 25%, Black = 58%.} 0-1

[Event "SVK Amateur-ch 2020"]
[Site "Topolcany"]
[Date "2020.07.10"]
[Round "1.25"]
[White "Kapusta, Petr"]
[Black "Verba, Vladimir"]
[Result "1/2-1/2"]
[WhiteElo "2120"]
[BlackElo "1767"]
[Annotator "TA"]
[PlyCount "112"]
[EventDate "2020.07.10"]
[EventType "swiss"]
[EventCountry "SVK"]
[SourceTitle "playchess.com"]
[Source "ChessBase"]
[SourceQuality "1"]

{[%evp 12,112,2,1,19,21,15,20,52,21,15,30,77,79,56,66,76,87,130,60,59,20,30,-59,-64,-85,-89,-76,14,8,14,-46,-36,-45,-43,-43,35,32,103,86,143,162,149,128,127,43,43,49,50,39,38,0,0,0,0,-8,76,6,8,10,19,0,29,24,43,37,132,123,129,68,67,65,102,19,88,0,0,0,0,0,0,0,0,0,0,0,0,0,0,0,0,0,0,0,0,0,0,0,0,0,0,0,0]} 1. e4 c6 2. d4 d5 3. Nc3 dxe4 4. Nxe4 Bf5 5. Ng3 Bg6 6. f4 e6 7. Nf3 Ne7 {B18: Classical Caro-Kann: 4...Bf5 sidelines.} 8. Bd3 Nd7 9. O-O Qc7 10. Ne5 (10. f5 $5 exf5 11. Nh4 $14) 10... Bxd3 11. Qxd3 {[#]} f6 $146 ({Predecessor:} 11... Nxe5 12. fxe5 Ng6 13. Qf3 Bb4 14. Be3 O-O 15. Qg4 c5 16. c3 cxd4 17. cxd4 Qa5 {½-½ (37) Trajber,C (2090)-Medvegy,J (2049) Hungary 2006}) 12. Nf3 O-O-O 13. Qe4 Ng6 14. Qxe6 Bd6 15. f5 (15. Nf5 $16 Bxf4 16. Nxg7) 15... Rhe8 16. Qb3 Ne7 17. Nh4 (17. Re1 $11) 17... c5 $15 18. dxc5 Nxc5 (18... Bxc5+ $6 19. Kh1 $11) 19. Qf3 {[#]} Bxg3 (19... Nd5 $1 $17 {[%mdl 512]}) 20. hxg3 $11 Nd5 21. c4 (21. Rd1 $11 Qc6 22. b3) 21... Nb4 $15 {[%mdl 1024] Black has compensation.} 22. Bf4 Qb6 {Strongly threatening ...Nb3+.} 23. Kh2 Rd3 (23... Nbd3 $15) 24. Qh5 $14 {[%mdl 64] [#] Double Attack} Qc6 (24... Rdd8 $1 $14) 25. Rae1 Rdd8 (25... Ne4 $142) 26. Rxe8 $16 ({Don't play} 26. Qxh7 $6 Rh8 $11) 26... Rxe8 27. Rd1 Ncd3 28. a3 (28. Nf3 $16 Qd7 29. a3 (29. Qxh7 Nxa2 30. Bh6 Nab4 $14)) 28... Nxf4 $14 29. gxf4 Nc2 30. Qf7 Ne3 31. Rd3 Ng4+ 32. Kg3 Nh6 $1 {[%cal Rh6f7]} 33. Qd5 Qc7 (33... Qxd5 $11 34. cxd5 (34. Rxd5 Re3+ 35. Nf3 Rb3 $11) 34... Re2) 34. Nf3 (34. Qd4 $16) 34... g5 35. fxg6 $40 {[%mdl 128] Black needs to defend precisely.} hxg6 36. Nd4 g5 (36... Qe7 $5 {[%cal Re8d8]} 37. Kf3 f5 $11) 37. Ne6 {[%mdl 64] Double Attack} gxf4+ 38. Kf3 Qc6 ({Black should try} 38... Qe7 $14) 39. Qxc6+ $16 bxc6 40. Nxf4 {[%mdl 4096] Endgame KRN-KRN} (40. Nc5 $16) 40... Nf7 $14 {Threatening ...Ne5+.} 41. Ng6 Kc7 {Black wants to play ...Rg8.} 42. Kf4 ({White should play} 42. Re3 $16 Ng5+ 43. Kf4 Ne6+ 44. Kg4) 42... Rg8 (42... Re2 $11) 43. Kf5 (43. Rg3 $16) 43... Rxg6 $11 {[%mdl 64] Remove Defender. The position is equal.} 44. Kxg6 Ne5+ {[%mdl 64] Double Attack} 45. Kxf6 Nxd3 46. g4 Nxb2 47. g5 {Hoping for g6.} Nxc4 {White must now prevent ...Kd6. KN-KPP} 48. g6 Nd6 {...Kd7 is the strong threat.} 49. Ke6 Ne8 50. Ke7 Ng7 51. Kf6 Nh5+ 52. Kg5 Ng7 53. Kf6 Ne8+ 54. Ke7 Nd6 {Threatens to win with ...Nf5+.} 55. Ke6 $1 Ne8 56. Ke7 Ng7 {Accuracy: White = 61%, Black = 63%.} 1/2-1/2

[Event "SVK Amateur-ch 2020"]
[Site "Topolcany"]
[Date "2020.07.10"]
[Round "1.26"]
[White "Panda, Barnabas"]
[Black "Nikanova, Ekaterina"]
[Result "0-1"]
[WhiteElo "1741"]
[BlackElo "2116"]
[Annotator "ChessBase"]
[PlyCount "76"]
[EventDate "2020.07.10"]
[EventType "swiss"]
[EventCountry "SVK"]
[SourceTitle "playchess.com"]
[Source "ChessBase"]
[SourceQuality "1"]
[TimeControl "3600+30"]

1. d4 {[%emt 0:00:00]} d6 {[%emt 0:00:00]} 2. c4 {[%emt 0:00:35]} e5 {[%emt 0:00:21]} 3. Nc3 {[%emt 0:02:44]} exd4 {[%emt 0:00:47]} 4. Qxd4 {[%emt 0:00:29]} Nc6 {[%emt 0:00:09]} 5. Qd1 {[%emt 0:01:22]} g6 {[%emt 0:06:58]} 6. Nf3 {[%emt 0:05:43]} Bg7 {[%emt 0:02:20]} 7. Bg5 {[%emt 0:04:36]} Nf6 {[%emt 0:04:17]} 8. e3 {[%emt 0:03:59]} h6 {[%emt 0:00:11]} 9. Bh4 {[%emt 0:02:23]} O-O {[%emt 0:07:08]} 10. Be2 {[%emt 0:03:20]} Be6 {[%emt 0:03:51]} 11. O-O {[%emt 0:01:07]} g5 {[%emt 0:01:39]} 12. Bg3 {[%emt 0:00:56]} Nh5 {[%emt 0:00:42]} 13. Nd4 {[%emt 0:07:11]} Nxg3 {[%emt 0:00:07]} 14. hxg3 {[%emt 0:00:15]} Nxd4 {[%emt 0:04:34]} 15. exd4 {[%emt 0:00:13]} d5 {[%emt 0:03:03]} 16. cxd5 {[%emt 0:07:00]} Bxd5 {[%emt 0:00:05]} 17. Rc1 {[%emt 0:00:24]} c6 {[%emt 0:01:39]} 18. Qd2 {[%emt 0:04:59]} Qd6 {[%emt 0:03:36]} 19. f4 {[%emt 0:04:42]} Rad8 {[%emt 0:03:35]} 20. Rcd1 {[%emt 0:05:22]} Be6 {[%emt 0:04:38]} 21. f5 {[%emt 0:02:53]} Bc8 {[%emt 0:11:23]} 22. Rf3 {[%emt 0:05:25]} Qxd4+ {[%emt 0:04:31]} 23. Qxd4 {[%emt 0:00:20]} Bxd4+ {[%emt 0:00:04]} 24. Kf1 {[%emt 0:01:58]} Bxc3 {[%emt 0:00:09]} 25. bxc3 {[%emt 0:00:07]} Rxd1+ {[%emt 0:00:59]} 26. Bxd1 {[%emt 0:00:01]} Rd8 {[%emt 0:00:48]} 27. Bc2 {[%emt 0:01:17]} b6 {[%emt 0:03:14]} 28. Ke1 {[%emt 0:01:33]} Kg7 {[%emt 0:01:03]} 29. f6+ {[%emt 0:01:27]} Kf8 {[%emt 0:00:30]} 30. Rd3 {[%emt 0:01:24]} Rxd3 {[%emt 0:00:13]} 31. Bxd3 {[%emt 0:00:01]} Be6 {[%emt 0:00:24]} 32. a3 {[%emt 0:00:40]} Ke8 {[%emt 0:00:04]} 33. Kf2 {[%emt 0:00:30]} Kd7 {[%emt 0:00:04]} 34. Ke3 {[%emt 0:00:31]} Kd6 {[%emt 0:00:05]} 35. Be4 {[%emt 0:01:22]} c5 {[%emt 0:01:48]} 36. Bf3 {[%emt 0:00:33]} Ke5 {[%emt 0:00:07]} 37. Bb7 {[%emt 0:00:15]} Kxf6 {[%emt 0:01:02]} 38. Ke4 {[%emt 0:00:16]} Ke7 {[%emt 0:00:14]} 0-1

[Event "SVK Amateur-ch 2020"]
[Site "Topolcany"]
[Date "2020.07.10"]
[Round "1.27"]
[White "Bojda, Lubomir"]
[Black "Varga, Milan"]
[Result "1-0"]
[WhiteElo "2110"]
[BlackElo "1839"]
[Annotator "TA"]
[PlyCount "65"]
[EventDate "2020.07.10"]
[EventType "swiss"]
[EventCountry "SVK"]
[SourceTitle "playchess.com"]
[Source "ChessBase"]
[SourceQuality "1"]

{[%evp 10,65,30,16,39,27,30,31,77,64,118,62,100,88,100,83,171,181,169,185,185,152,290,229,524,516,968,937,939,925,1116,970,950,935,1041,1078,1048,1082,1077,1019,1068,1060,918,815,1383,1362,1267,1044,1054,1036,1269,1268,1504,1472,1841,1809,29995,2186]} 1. d4 Nf6 2. Nf3 d5 3. c4 c6 4. Nc3 e6 5. e3 Bb4 6. Qb3 Bxc3+ {D45: Semi-Slav: 5 e3.} 7. bxc3 O-O 8. Bd3 Ne4 {White is slightly better.} 9. O-O {[#]} Nd6 $146 (9... b6 $14) ({Predecessor:} 9... Nd7 10. Ba3 Re8 11. Rfc1 b6 12. cxd5 exd5 13. c4 Ba6 14. cxd5 Bxd3 15. dxc6 Ndf6 16. Qxd3 {1-0 (36) Sabakh,R (800)-Lombardi,D (804) LSS email 2012}) 10. Nd2 (10. Ba3 $16) 10... f5 11. cxd5 cxd5 12. c4 Nf7 (12... Nc6 $16 {keeps fighting.}) 13. Ba3 $36 {[%mdl 2048] Black is under strong pressure.} Re8 14. cxd5 exd5 15. Rac1 b6 (15... Nc6 $16 16. Rc5 Ne7) 16. Bb5 Ba6 $2 {[#]} (16... Bd7 {was called for.} 17. Qxd5 Bxb5 18. Qxb5 (18. Qxa8 Qd7 $16) 18... Qd7) 17. Bxe8 $18 Bxf1 (17... Qxe8 $142 18. Qxd5 {[%mdl 64] Double Attack} Nd7) 18. Bxf7+ Kxf7 19. Nxf1 Na6 20. Qb5 Nb8 21. Nd2 a6 22. Qb3 Ra7 23. Nf3 g6 24. Ne5+ Kg7 25. h3 Rb7 26. Qb4 Qf6 27. Rc8 Nd7 28. Nxd7 Rxd7 {[#]} 29. Rc6 $1 {[%mdl 512]} Qf7 (29... Qxc6 30. Qf8#) 30. Rxb6 f4 31. exf4 Qxf4 32. Rb7 Rf7 33. Qf8+ {White took control after the opening. Accuracy: White = 79%, Black = 34%.} 1-0

[Event "SVK Amateur-ch 2020"]
[Site "Topolcany"]
[Date "2020.07.10"]
[Round "1.28"]
[White "Rabovszky, Gyorgy"]
[Black "Pniaczek, Marek"]
[Result "1-0"]
[WhiteElo "1716"]
[BlackElo "2102"]
[Annotator "TA"]
[PlyCount "89"]
[EventDate "2020.07.10"]
[EventType "swiss"]
[EventCountry "SVK"]
[SourceTitle "playchess.com"]
[Source "ChessBase"]
[SourceQuality "1"]

{[%evp 9,89,-27,0,-37,-32,-36,-31,-39,0,0,-6,-13,19,16,0,-5,0,0,25,32,16,-61,-69,-63,-31,-100,107,107,566,504,502,512,488,488,483,445,541,537,534,518,637,615,618,630,766,809,790,706,1058,1047,1476,1200,1511,1197,1615,1641,1620,1556,1949,1347,1469,1405,1463,1336,1689,1697,1596,1319,2331,2331,29991,0,1669,1609,29991,29989,29990,2795,2058,1692,1649,1638]} 1. e4 c5 2. Nc3 Nc6 3. f4 g6 4. Bc4 Bg7 5. Nf3 d6 6. Ng5 {B23: Closed Sicilian: Lines without g3.} e6 7. d3 h6 8. Nf3 {Black is slightly better.} Nf6 9. O-O O-O {[#]} 10. Qe1 $146 ({Predecessor:} 10. h3 a6 11. a4 d5 12. Bb3 Nd4 13. e5 Nxf3+ 14. Qxf3 Nd7 15. Ne2 b6 16. c3 {1-0 (53) Martinez,J (2179)-Valencia,C (1910) La Dorada 2016}) 10... d5 11. Bb3 $1 a6 12. a4 Nd4 13. e5 {Hoping for Nxd4.} Nxf3+ 14. Rxf3 Nd7 15. g4 (15. a5 $11) 15... f6 16. exf6 Qxf6 17. Bd2 {[#]} (17. a5 $15) 17... b6 $2 {[#]} (17... c4 $1 $17 {[%mdl 512] stays on course.} 18. Ba2 (18. dxc4 dxc4) 18... b5 $1 {[%mdl 512]}) 18. Nxd5 $1 $16 {[%mdl 512] Black is now going downhill.} Qxb2 $2 {[%mdl 8192]} (18... Qf7 $16 {is a better chance.} 19. Ne3 Bb7) (18... exd5 19. Bxd5+) 19. Rb1 Qd4+ 20. Be3 Qxd5 21. Bxd5 exd5 22. Qg3 d4 23. Bd2 Bb7 24. Rff1 Rae8 25. Rbe1 Rxe1 26. Qxe1 Bd5 27. Qe7 Nf6 28. Qd6 Ba8 29. g5 Nd5 30. Qxg6 h5 31. Qxh5 Ne3 32. Bxe3 dxe3 33. g6 {[%csl Gg6][%cal Rh5h7]} Re8 34. Re1 Re7 35. Re2 Bd4 36. Kf1 Bc6 37. Qg5 Kf8 38. h4 b5 39. Qf5+ Kg7 40. Qg5 (40. h5 $142 b4 41. h6+ $1 {[%mdl 576] Decoy} Kxh6 42. Rh2+ Kg7 43. Rh7+ Kg8 44. Rxe7 e2+ 45. Rxe2 Bf6 46. Qxf6 Bxa4 47. Qf7+ Kh8 48. Qh7#) 40... Kf8 $1 $18 41. h5 bxa4 42. h6 Re8 {[#]} 43. Qf5+ (43. c3 $142 $1 Bd7 (43... Bxc3 44. Qxc5+) 44. cxd4 Bh3+ 45. Kg1 Re7 46. g7+ Rxg7 47. Qxg7+ Ke8 48. h7 Be6 49. h8=Q+ Bg8 50. Qhxg8#) 43... Ke7 44. Qf7+ Kd6 45. g7 {Accuracy: White = 70%, Black = 35%.} 1-0